[Event "Thüringenliga 2013/2014"]
[Site "?"]
[Date "2014.03.02"]
[Round "7"]
[White "Römer, Norbert"]
[Black "Müller, Bernd"]
[Result "1/2-1/2"]
[WhiteElo "1862"]
[BlackElo "1721"]
[PlyCount "110"]
[EventDate "2014.??.??"]

1. c4 f5 2. Nc3 Nf6 3. g3 e6 4. Bg2 Be7 5. d3 c6 6. e4 fxe4 7. dxe4 e5 8. Nge2
d6 9. O-O O-O 10. Bg5 Be6 11. b3 Nbd7 12. Be3 Qc7 13. h3 Bf7 14. Qd2 Bg6 15. f4
Rad8 16. f5 Bf7 17. g4 Kh8 18. Ng3 Ng8 19. Rac1 Bh4 20. Nge2 h6 21. Kh2 Nc5 22.
Ng1 Qe7 23. Nf3 Bf6 24. Rcd1 b6 25. Qf2 g6 26. Rd2 g5 27. Rfd1 Nb7 28. Ne1 Be8
29. Bf3 Bf7 30. Nc2 Be8 31. Be2 Kh7 32. a3 Qc7 33. Kg2 Rf7 34. Nb4 Na5 35. Rb1
Qb7 36. Nc2 Qe7 37. b4 Nb7 38. a4 Qc7 39. Rbd1 Ne7 40. a5 bxa5 41. Bxa7 Nc8 42.
Be3 axb4 43. Nxb4 Qa5 44. Rb1 c5 45. Nbd5 Rdd7 46. Ra2 Qd8 47. Bd3 Na5 48. Rb5
Ra7 49. Rb8 Nc6 50. Nxf6+ Rxf6 51. Rxa7+ N6xa7 52. Nd5 Rf7 53. f6 Qd7 54. Bc2
Qe6 55. Kg3 Bc6 1/2-1/2

[Event "Thüringenliga 2013/2014"]
[Site "?"]
[Date "2014.03.02"]
[Round "7"]
[White "Arlt, Doris"]
[Black "Carnot, Luca"]
[Result "1/2-1/2"]
[WhiteElo "1707"]
[BlackElo "1622"]
[PlyCount "56"]
[EventDate "2014.??.??"]

1. d4 Nf6 2. c4 e6 3. Nc3 d5 4. Bg5 c6 5. e3 Bd6 6. Nf3 Nbd7 7. Bd3 O-O 8. O-O
Re8 9. Rc1 Qa5 10. c5 Bb8 11. Rb1 Qc7 12. b4 e5 13. dxe5 Nxe5 14. Nxe5 Qxe5 15.
Bf4 Qe7 16. Bxb8 Rxb8 17. h3 Qe5 18. Ne2 Bf5 19. Bxf5 Qxf5 20. Ng3 Qd7 21. Qc2
Ne4 22. Nxe4 Rxe4 23. Rfd1 Qc7 24. Rd4 Rbe8 25. Rbd1 f5 26. Rxe4 fxe4 27. Qe2
Qe7 28. Rc1 a6 1/2-1/2

[Event "Thüringenliga 2013/2014"]
[Site "?"]
[Date "2014.03.02"]
[Round "7"]
[White "Philipp, Michael"]
[Black "Darr, Sascha"]
[Result "0-1"]
[WhiteElo "1963"]
[BlackElo "2077"]
[PlyCount "76"]
[EventDate "2014.??.??"]
[WhiteTeam "SSV Vimaria 91 Weimar"]
[BlackTeam "SV Jenapharm Jena"]

1. e4 e5 2. Nf3 Nc6 3. c3 Nf6 4. d4 exd4 5. e5 Ng8 6. cxd4 d5 7. Bb5 Bb4+ 8.
Bd2 Bxd2+ 9. Qxd2 Nge7 10. Nc3 O-O 11. O-O Bg4 12. Ne1 a6 13. Bd3 Qd7 14. f3
Bf5 15. Ne2 Nd8 16. Ng3 Bg6 17. f4 Nf5 18. Nxf5 Bxf5 19. h3 Rc8 20. g4 Bxd3 21.
Nxd3 b6 22. f5 c5 23. Nf4 cxd4 24. Nh5 h6 25. f6 g5 26. Rf5 Ne6 27. h4 Qa4 28.
Rf2 d3 29. b4 Rc4 30. hxg5 hxg5 31. Qxd3 Rxg4+ 32. Kf1 Qxb4 33. Qxd5 Qc3 34.
Rd1 Qh3+ 35. Ke2 Qxh5 36. Rh1 Re4+ 37. Kd3 Qxh1 38. Qxe4 Nc5+ 0-1

[Event "Thüringenliga 2013/2014"]
[Site "?"]
[Date "2014.03.02"]
[Round "7"]
[White "Middelhoff, Cornelius"]
[Black "Albrecht, Jürgen"]
[Result "1-0"]
[WhiteElo "2052"]
[BlackElo "2099"]
[PlyCount "109"]
[EventDate "2014.??.??"]
[WhiteTeam "SV Jenapharm Jena"]
[BlackTeam "SSV Vimaria 91 Weimar"]

1. d4 Nf6 2. c4 g6 3. Nc3 Bg7 4. e4 d6 5. Be2 O-O 6. Nf3 e5 7. Be3 Ng4 8. Bg5
f6 9. Bc1 Nd7 10. O-O Nh6 11. Be3 Nf7 12. Ne1 exd4 13. Bxd4 Re8 14. Nd3 Ng5 15.
f3 Ne6 16. Be3 Ne5 17. Nf2 Kh8 18. Qd2 c6 19. Rad1 Nf7 20. Rfe1 Qc7 21. Nd3 Bd7
22. Nf2 Rad8 23. Nh1 Bc8 24. Ng3 b6 25. b4 Bb7 26. a4 Ne5 27. f4 Nf7 28. f5 Nf8
29. fxg6 hxg6 30. b5 Ne6 31. Rf1 Ne5 32. Bh6 c5 33. Be3 Rd7 34. Nd5 Bxd5 35.
Qxd5 Nd8 36. h4 Rf8 37. h5 g5 38. Nf5 Ndf7 39. Kf2 Nh6 40. Nxh6 Bxh6 41. Kg3
Qd8 42. Bc1 Qe7 43. Bb2 Bg7 44. Bxe5 Qxe5+ 45. Qxe5 fxe5 46. Bg4 Rxf1 47. Rxf1
Rc7 48. Rf5 a6 49. Rxg5 axb5 50. axb5 Ra7 51. Be6 Ra3+ 52. Kg4 Ra2 53. g3 Re2
54. Bd5 Kh7 55. Rg6 1-0

[Event "Thüringenliga 2013/2014"]
[Site "?"]
[Date "2014.03.02"]
[Round "7"]
[White "Mysliwiec, Jörg"]
[Black "Zipfel, Frank"]
[Result "1-0"]
[WhiteElo "2059"]
[BlackElo "2034"]
[PlyCount "59"]
[EventDate "2014.??.??"]
[WhiteTeam "SSV Vimaria 91 Weimar"]
[BlackTeam "SV Jenapharm Jena"]

1. b3 e5 2. Bb2 d6 3. g3 Nf6 4. Bg2 g6 5. d4 Nbd7 6. dxe5 Nxe5 7. Nh3 Bg7 8.
O-O O-O 9. Nf4 Nh5 10. Nxh5 gxh5 11. Nc3 h4 12. Qc1 c6 13. e4 h3 14. Bh1 Bg4
15. Qe3 h5 16. Rab1 Kh7 17. Ne2 Bh6 18. f4 Rg8 19. Rbe1 Qe7 20. Qf2 Ng6 21. Bf3
Nh4 22. Bxg4 Rxg4 23. Qe3 Rag8 24. Kh1 Ng6 25. Qd3 Bf8 26. e5 d5 27. Nd4 Kh8
28. Qf5 Nxf4 29. gxf4 Qh4 30. Nf3 1-0

[Event "Thüringenliga 2013/2014"]
[Site "?"]
[Date "2014.03.02"]
[Round "7"]
[White "August, Daniel"]
[Black "Stiefel, Roland"]
[Result "1/2-1/2"]
[WhiteElo "1957"]
[BlackElo "1960"]
[PlyCount "61"]
[EventDate "2014.??.??"]
[WhiteTeam "SV Jenapharm Jena"]
[BlackTeam "SSV Vimaria 91 Weimar"]

1. c4 c5 2. g3 Nf6 3. Bg2 e6 4. Nf3 d6 5. O-O Be7 6. Nc3 O-O 7. d4 cxd4 8. Nxd4
a6 9. b3 Qc7 10. Bb2 Nbd7 11. Rc1 Re8 12. Qd2 Ne5 13. Rfd1 Bd7 14. h3 Rad8 15.
e4 Bc8 16. f4 Ned7 17. Kh2 Nf8 18. Qf2 Qc5 19. Rc2 b6 20. Na4 Qc7 21. Ne2 N6d7
22. Nec3 Bb7 23. Rcd2 Nc5 24. Nxc5 dxc5 25. e5 Bxg2 26. Qxg2 Rxd2 27. Rxd2 Rd8
28. Ne4 Rxd2 29. Qxd2 Qd7 30. Bc3 Qc6 31. Qd3 1/2-1/2

[Event "Thüringenliga 2013/2014"]
[Site "?"]
[Date "2014.03.02"]
[Round "7"]
[White "Wolf, Isaak"]
[Black "Riedel, Finn"]
[Result "1/2-1/2"]
[WhiteElo "1972"]
[BlackElo "1981"]
[PlyCount "34"]
[EventDate "2014.??.??"]
[WhiteTeam "SV Jenapharm Jena"]
[BlackTeam "SSV Vimaria 91 Weimar"]

1. e4 c6 2. d4 d5 3. exd5 cxd5 4. Nf3 Nf6 5. Bf4 Nc6 6. c3 Bf5 7. Bd3 Bxd3 8.
Qxd3 g6 9. Nbd2 Bg7 10. Nb3 O-O 11. Qb5 Nh5 12. Be5 Nxe5 13. dxe5 Qc7 14. Qxd5
Nf4 15. Qe4 Bxe5 16. Nxe5 Qxe5 17. Qxe5 Nd3+ 1/2-1/2

[Event "Thüringenliga 2013/2014"]
[Site "?"]
[Date "2014.03.02"]
[Round "7"]
[White "Rensch, Toralf"]
[Black "Mißbach, Bernd"]
[Result "1/2-1/2"]
[WhiteElo "1990"]
[BlackElo "1896"]
[PlyCount "70"]
[EventDate "2014.??.??"]
[WhiteTeam "SSV Vimaria 91 Weimar"]
[BlackTeam "SV Jenapharm Jena"]

1. e4 g6 2. Nc3 Bg7 3. d4 c5 4. Be3 cxd4 5. Bxd4 Bxd4 6. Qxd4 Nf6 7. O-O-O Nc6
8. Qe3 O-O 9. Nd5 e6 10. Nxf6+ Qxf6 11. f4 d5 12. e5 Qe7 13. Nf3 Kg7 14. h4 h5
15. Be2 a6 16. Nd4 Bd7 17. Rh3 Rac8 18. Kb1 Nxd4 19. Rxd4 Rc7 20. Qa3 Qxa3 21.
Rxa3 Rfc8 22. Rd2 Rc5 23. Rad3 b5 24. Rd4 R8c7 25. a3 f6 26. exf6+ Kxf6 27. Bd3
Be8 28. Re2 Re7 29. Re5 a5 30. c3 Rb7 31. g3 Bd7 32. Rg5 Be8 33. Re5 Rc8 34.
Bf1 Rb6 35. Be2 Rc5 1/2-1/2

[Event "Thüringenliga 2013/2014"]
[Site "?"]
[Date "2014.03.02"]
[Round "7"]
[White "Wolf, Jürgen"]
[Black "Gräf, Michael"]
[Result "0-1"]
[WhiteElo "1649"]
[BlackElo "1851"]
[PlyCount "38"]
[EventDate "2014.??.??"]
[WhiteTeam "SV Jenapharm Jena"]
[BlackTeam "SSV Vimaria 91 Weimar"]

1. Nf3 d5 2. c4 e6 3. e3 Nf6 4. Nc3 Nbd7 5. Be2 c6 6. O-O Bd6 7. d4 O-O 8. Bd2
Ne4 9. cxd5 exd5 10. Qc2 f5 11. a3 Qf6 12. b4 a6 13. Na4 g5 14. Nc5 g4 15. Ne1
Qh4 16. g3 Qh3 17. Ne6 Rf6 18. Nf4 Bxf4 19. Bxg4 fxg4 0-1

[Event "Thüringenliga 2013/2014"]
[Site "?"]
[Date "2014.03.02"]
[Round "7"]
[White "Langheinrich, Ferenc"]
[Black "Wehner, Janis"]
[Result "1-0"]
[WhiteElo "2358"]
[BlackElo "2138"]
[PlyCount "59"]
[EventDate "2014.??.??"]

1. Nf3 c5 2. c4 Nc6 3. Nc3 g6 4. e3 Nf6 5. d4 cxd4 6. exd4 d5 7. Bg5 dxc4 8. d5
Nb8 9. Bxc4 Bg7 10. h3 O-O 11. O-O Nbd7 12. Re1 Nb6 13. Bb3 Bd7 14. Qe2 Re8 15.
Rad1 Nc8 16. Ne5 a6 17. d6 Nxd6 18. Rxd6 exd6 19. Nxf7 Rxe2 20. Nxd8+ Kf8 21.
Rxe2 Rxd8 22. Nd5 Re8 23. Nxf6 Rxe2 24. Nxd7+ Ke8 25. Nf6+ Bxf6 26. Bxf6 Re1+
27. Kh2 Kd7 28. g4 Kc6 29. Bg8 h6 30. h4 1-0

[Event "Thüringenliga 2013/2014"]
[Site "?"]
[Date "2014.03.02"]
[Round "7"]
[White "Wanzek, Daniel"]
[Black "Holzschuh, Stephan"]
[Result "0-1"]
[WhiteElo "2071"]
[BlackElo "2240"]
[PlyCount "70"]
[EventDate "2014.??.??"]

1. e4 c5 2. Nc3 Nc6 3. g3 g6 4. Bg2 Bg7 5. d3 d6 6. f4 Nf6 7. Nf3 O-O 8. O-O
Rb8 9. f5 b5 10. Bf4 b4 11. Ne2 Nd7 12. Qc1 Nde5 13. Bh6 f6 14. Be3 e6 15. fxe6
Bxe6 16. Nf4 Bf7 17. h3 Qd7 18. Qd2 Ne7 19. Kh2 Qc7 20. b3 Rbd8 21. Qf2 Nd7 22.
Rad1 g5 23. Nd5 Nxd5 24. exd5 h6 25. Nd2 Bg6 26. Nc4 Nb6 27. Na5 Rde8 28. Nc6
Qf7 29. Qf3 a5 30. d4 Be4 31. Qxe4 Rxe4 32. Bxe4 Re8 33. Ne5 Qe7 34. Bg6 Rf8
35. dxc5 dxc5 0-1

[Event "Thüringenliga 2013/2014"]
[Site "?"]
[Date "2014.03.02"]
[Round "7"]
[White "Kirschbaum, Gunnar"]
[Black "Siegemund, Joachim"]
[Result "1/2-1/2"]
[WhiteElo "2069"]
[BlackElo "2009"]
[PlyCount "64"]
[EventDate "2014.??.??"]

1. e4 e6 2. d4 d5 3. exd5 exd5 4. c4 Bb4+ 5. Nc3 Nf6 6. h3 O-O 7. Nf3 Re8+ 8.
Be3 Nbd7 9. Qb3 Bxc3+ 10. bxc3 c6 11. Bd3 Qb6 12. Qc2 dxc4 13. Bxc4 Nd5 14. O-O
Nf8 15. Bb3 Qc7 16. Rae1 Be6 17. Ng5 h6 18. Nxe6 Rxe6 19. c4 Nf4 20. Qd2 Rf6
21. d5 Rd8 22. Rd1 Qe5 23. Bxf4 Qxf4 24. Qxf4 Rxf4 25. dxc6 Rb8 26. c7 Rc8 27.
Rfe1 Ne6 28. Rxe6 fxe6 29. Rd8+ Rf8 30. Rd7 Rf7 31. Rd8+ Rf8 32. Rd7 Rf7
1/2-1/2

[Event "Thüringenliga 2013/2014"]
[Site "?"]
[Date "2014.03.02"]
[Round "7"]
[White "Kalisch, Michael"]
[Black "Nguyen, Huy Dat"]
[Result "1-0"]
[WhiteElo "1982"]
[BlackElo "2030"]
[PlyCount "107"]
[EventDate "2014.??.??"]

1. e4 c5 2. Nc3 Nc6 3. f4 g6 4. Nf3 Bg7 5. Bb5 Nd4 6. O-O Nxb5 7. Nxb5 d5 8.
exd5 a6 9. Nc3 Nf6 10. d4 Nxd5 11. dxc5 Nxc3 12. Qxd8+ Kxd8 13. bxc3 Bxc3 14.
Rb1 Kc7 15. Rb3 Bf6 16. Bd2 Be6 17. Ba5+ Kc8 18. Ra3 Bd5 19. Rd1 e6 20. Rad3
Be7 21. Bb6 a5 22. c4 Bc6 23. Ne5 Ba4 24. R1d2 f6 25. Nf7 Rf8 26. Nd6+ Kd7 27.
Nb5+ Ke8 28. Rd7 Rc8 29. Rxb7 Bxb5 30. cxb5 Bxc5+ 31. Bxc5 Rxc5 32. b6 Rb5 33.
Rc2 Kd8 34. Rb8+ Ke7 35. Rc7+ Kd6 36. Rxf8 Rxb6 37. Rxh7 Rb1+ 38. Kf2 Rb2+ 39.
Kf3 Rxa2 40. Rxf6 a4 41. Rxg6 a3 42. Rhh6 Ra1 43. Rxe6+ Kc5 44. Ra6 a2 45. Ra5+
Kb4 46. Rha6 Kb3 47. Rxa2 Rxa2 48. Rxa2 Kxa2 49. f5 Kb2 50. f6 Kc3 51. f7 Kd2
52. f8=Q Ke1 53. Qd6 Kf1 54. Qd1# 1-0

[Event "Thüringenliga 2013/2014"]
[Site "?"]
[Date "2014.03.02"]
[Round "7"]
[White "Reichel, Norbert"]
[Black "Koksch, Robert"]
[Result "1/2-1/2"]
[WhiteElo "2053"]
[BlackElo "1938"]
[PlyCount "79"]
[EventDate "2014.??.??"]

1. c4 c6 2. Nf3 d5 3. d4 Nf6 4. Nc3 dxc4 5. a4 Bf5 6. e3 e6 7. Bxc4 Bb4 8. O-O
O-O 9. Qe2 Nbd7 10. e4 Bg6 11. Bd3 Bh5 12. e5 Nd5 13. Nxd5 cxd5 14. Qe3 Be7 15.
a5 Rc8 16. Bd2 Nb8 17. Be2 Bg6 18. Qb3 Rc7 19. Rfc1 Nc6 20. a6 bxa6 21. Rxa6
Nb8 22. Raa1 Be4 23. Rxc7 Qxc7 24. Ba5 Qd7 25. Bc3 Rc8 26. h3 h6 27. Kh2 Bd8
28. Nd2 Bb6 29. Bb5 Qd8 30. Qa4 Qg5 31. Nxe4 dxe4 32. g3 Qf5 33. Rf1 Qf3 34.
Qd1 Qxd1 35. Rxd1 Nc6 36. Bxc6 Rxc6 37. Re1 Rc4 38. Rxe4 a5 39. Re3 a4 40. f4
1/2-1/2

[Event "Thüringenliga 2013/2014"]
[Site "?"]
[Date "2014.03.02"]
[Round "7"]
[White "Kühn, Martin"]
[Black "Müller-Ludwig, Kristin"]
[Result "1/2-1/2"]
[WhiteElo "1932"]
[BlackElo "2059"]
[PlyCount "75"]
[EventDate "2014.??.??"]

1. d4 Nf6 2. c4 g6 3. Nc3 Bg7 4. e4 d6 5. Nge2 O-O 6. Ng3 e5 7. d5 h5 8. Bg5
Qe8 9. Be2 a5 10. Qd2 Nh7 11. h4 Nxg5 12. hxg5 Qd8 13. Bxh5 gxh5 14. Nxh5 Bh8
15. O-O-O Bg4 16. Nf6+ Bxf6 17. gxf6 Qxf6 18. f3 Bd7 19. Rh5 Re8 20. Ne2 Kf8
21. Rdh1 Ke7 22. Rh6 Qg7 23. g4 Rg8 24. R1h5 Na6 25. Qe1 Bxg4 26. Qh4+ Kf8 27.
Rh7 Qg6 28. fxg4 Qxg4 29. Rxf7+ Kxf7 30. Rh7+ Rg7 31. Qxg4 Rxh7 32. Ng3 Rg7 33.
Qe6+ Kf8 34. Qf6+ Kg8 35. Qe6+ Kf8 36. Qh6 Kg8 37. Qe6+ Kf8 38. Qf6+ 1/2-1/2

[Event "Thüringenliga 2013/2014"]
[Site "?"]
[Date "2014.03.02"]
[Round "7"]
[White "Jakob, Matthias"]
[Black "Kirste, Olaf"]
[Result "1/2-1/2"]
[WhiteElo "1908"]
[BlackElo "1835"]
[PlyCount "89"]
[EventDate "2014.??.??"]

1. d4 Nf6 2. Nf3 g6 3. Nc3 Bg7 4. e4 d6 5. Be3 O-O 6. Qd2 c6 7. Bh6 Qa5 8.
O-O-O Re8 9. Bxg7 Kxg7 10. e5 Nd5 11. Nxd5 Qxd2+ 12. Nxd2 cxd5 13. exd6 e6 14.
c4 dxc4 15. Nxc4 Rd8 16. Be2 f6 17. Bf3 Nd7 18. Rhe1 Nb6 19. Nxb6 axb6 20. a3
Rxd6 21. Re3 Kf7 22. Rc3 Ke7 23. Rd2 Rb8 24. Rc7+ Rd7 25. Rc3 Kd8 26. Bg4 f5
27. Be2 Rc7 28. Rdc2 Rxc3 29. Rxc3 Bd7 30. Rh3 h5 31. Rg3 Be8 32. f4 Kc7 33.
Kd2 Kd6 34. Rb3 Kc7 35. Bc4 Rd8 36. Ke3 Rd6 37. Rc3 Kd8 38. g3 Bc6 39. b3 Ke7
40. a4 Kd8 41. h4 Bd7 42. Kd3 Bc6 43. Ke3 Kd7 44. Bd3 Kd8 45. Bc4 1/2-1/2

[Event "Thüringenliga 2013/2014"]
[Site "?"]
[Date "2014.03.02"]
[Round "7"]
[White "Siebarth, Raiko"]
[Black "Kottwitz, Daniel"]
[Result "1-0"]
[WhiteElo "2249"]
[BlackElo "1913"]
[PlyCount "67"]
[EventDate "2014.??.??"]

1. d4 f5 2. g3 d5 3. Bg2 e6 4. e3 Nf6 5. Ne2 Bd6 6. O-O O-O 7. b3 Qe7 8. a4 c6
9. Ba3 Bxa3 10. Nxa3 b6 11. c4 Bb7 12. Qd3 Na6 13. Rfc1 Nb4 14. Qd1 Rac8 15.
Nc2 a5 16. Nxb4 Qxb4 17. Nf4 Rfe8 18. Nd3 Qe7 19. c5 Qc7 20. b4 Ba6 21. cxb6
Qxb6 22. bxa5 Qxa5 23. Rc5 Qc7 24. Nb4 Bb7 25. a5 Nd7 26. Rc3 Qd6 27. a6 Ba8
28. Nd3 c5 29. dxc5 Nxc5 30. Rac1 Qxa6 31. Nxc5 Qa5 32. R3c2 Rb8 33. Ra1 Qb4
34. Na6 1-0

[Event "Thüringenliga 2013/2014"]
[Site "?"]
[Date "2014.03.02"]
[Round "7"]
[White "Watzke, Birger"]
[Black "Schneider, Christian"]
[Result "1/2-1/2"]
[WhiteElo "2146"]
[BlackElo "2179"]
[PlyCount "29"]
[EventDate "2014.??.??"]

1. c4 Nf6 2. g3 e6 3. Bg2 d5 4. Nf3 Be7 5. O-O O-O 6. b3 b6 7. cxd5 Nxd5 8. d4
Bb7 9. Ba3 Nd7 10. Bxe7 Qxe7 11. Qd2 Rfd8 12. Nc3 c5 13. Rfd1 Rac8 14. Nxd5
Bxd5 15. Rac1 1/2-1/2

[Event "Thüringenliga 2013/2014"]
[Site "?"]
[Date "2014.03.02"]
[Round "7"]
[White "Siebarth, Marco"]
[Black "Frommelt, Hans-Jürgen"]
[Result "1-0"]
[WhiteElo "1953"]
[BlackElo "1951"]
[PlyCount "105"]
[EventDate "2014.??.??"]

1. e4 c5 2. Nf3 d6 3. d4 cxd4 4. Nxd4 Nf6 5. Nc3 e5 6. Nf3 Be7 7. Bc4 O-O 8.
O-O Qc7 9. Bb3 a6 10. a4 Nbd7 11. Qe2 Nc5 12. Bd5 Be6 13. Be3 Bxd5 14. Nxd5
Nxd5 15. exd5 Rac8 16. Rfc1 h6 17. b4 Nd7 18. c4 f5 19. a5 g5 20. Ne1 Nf6 21.
f3 Qd7 22. Rd1 f4 23. Bf2 Qf5 24. Rac1 g4 25. c5 e4 26. fxe4 Nxe4 27. Rc4 Nxf2
28. Qxf2 Bg5 29. Qc2 f3 30. Qxf5 Rxf5 31. gxf3 gxf3 32. Kf2 Be3+ 33. Kxe3 f2
34. Nf3 Rcf8 35. Rg4+ Kh7 36. Rg3 Rxd5 37. Rb1 dxc5 38. bxc5 f1=Q 39. Rxf1 Re8+
40. Kf2 Rxc5 41. Ra1 Rf5 42. Rg4 Ref8 43. Ra3 Rb5 44. Re4 Rf7 45. Ke3 Rh5 46.
h4 Rg7 47. Re5 Kg6 48. Rxh5 Kxh5 49. Kf4 Rf7+ 50. Kg3 Rf5 51. Nd4 Rd5 52. Ne6
Rd1 53. Nf4# 1-0

[Event "Thüringenliga 2013/2014"]
[Site "?"]
[Date "2014.03.02"]
[Round "7"]
[White "Streit, Michael"]
[Black "George, Tom"]
[Result "1/2-1/2"]
[WhiteElo "1911"]
[BlackElo "1831"]
[PlyCount "105"]
[EventDate "2014.??.??"]

1. e4 Nf6 2. e5 Nd5 3. d4 d6 4. f4 dxe5 5. dxe5 Nc6 6. Bb5 e6 7. Nf3 Bc5 8.
Bxc6+ bxc6 9. c4 Bb4+ 10. Kf2 Bc5+ 11. Kg3 Ne7 12. Qxd8+ Kxd8 13. Nc3 Nf5+ 14.
Kh3 h5 15. Ne4 Be7 16. Rd1+ Ke8 17. c5 Ba6 18. Nfg5 Be2 19. Nf2 Bxd1 20. Nxd1
Bxc5 21. Ne4 Bd4 22. Bd2 Kd7 23. Rc1 Rab8 24. Nc5+ Bxc5 25. Rxc5 Rb5 26. Rc2
Rd5 27. Nf2 Kc8 28. g3 Rhd8 29. Bc3 Ne3 30. Rc1 Nd1 31. Nxd1 Rxd1 32. Rc2 Kb7
33. Kh4 Rh1 34. Kh3 h4 35. Rf2 hxg3 36. Kxg3 Rd3+ 37. Kg4 Rg1+ 38. Kh4 Rg6 39.
f5 Rh6+ 40. Kg5 Rdh3 41. fxe6 Rg6+ 42. Kf5 Rxe6 43. Kg4 Rh7 44. Rxf7 Rxh2 45.
Kf5 Re8 46. Rxg7 Rf2+ 47. Kg6 Rg2+ 48. Kf7 Rxg7+ 49. Kxe8 Kc8 50. e6 Rg2 51.
Kf7 Re2 52. Bf6 Re4 53. Bc3 1/2-1/2

[Event "Thüringenliga 2013/2014"]
[Site "?"]
[Date "2014.03.02"]
[Round "7"]
[White "Berner, Stephan"]
[Black "Streit, Jürgen"]
[Result "1-0"]
[WhiteElo "1875"]
[BlackElo "1731"]
[PlyCount "43"]
[EventDate "2014.??.??"]

1. Nc3 c5 2. e4 e6 3. f4 Nc6 4. Nf3 d6 5. Bc4 Nf6 6. d3 Be7 7. O-O O-O 8. Qe1
Nd4 9. Nxd4 cxd4 10. Ne2 e5 11. Ng3 Be6 12. fxe5 dxe5 13. Nf5 Bxf5 14. Rxf5 Qd6
15. Qg3 Nd7 16. Bd2 Qg6 17. Qh3 Nb6 18. Bb3 Bf6 19. Raf1 Kh8 20. R1f3 h6 21.
Bxh6 Qh7 22. Bxg7+ 1-0

[Event "Thüringenliga 2013/2014"]
[Site "?"]
[Date "2014.03.02"]
[Round "7"]
[White "Schaudin, Andreas"]
[Black "Schröter, Maik"]
[Result "1/2-1/2"]
[WhiteElo "1650"]
[BlackElo "1746"]
[PlyCount "26"]
[EventDate "2014.??.??"]

1. Nf3 Nf6 2. b3 e6 3. Bb2 d5 4. g3 Be7 5. Bg2 O-O 6. O-O b6 7. d3 Bb7 8. Nbd2
Nbd7 9. c4 c5 10. cxd5 exd5 11. Re1 Qc7 12. Rc1 Rac8 13. Nf1 Qb8 1/2-1/2

[Event "Thüringenliga 2013/2014"]
[Site "?"]
[Date "2014.03.02"]
[Round "7"]
[White "Mann, Jonas"]
[Black "Janisch, Manfred"]
[Result "1-0"]
[WhiteElo "1669"]
[BlackElo "1741"]
[PlyCount "25"]
[EventDate "2014.??.??"]

1. c4 c5 2. Nc3 Nc6 3. g3 Nf6 4. Bg2 e6 5. Nf3 d5 6. cxd5 exd5 7. d4 h6 8. O-O
Be7 9. Bf4 a6 10. Na4 cxd4 11. Nxd4 O-O 12. Rc1 Na5 13. Bc7 1-0

[Event "Thüringenliga 2013/2014"]
[Site "?"]
[Date "2014.03.02"]
[Round "7"]
[White "Gölles, Michael"]
[Black "Werner, Justus"]
[Result "0-1"]
[WhiteElo "1541"]
[BlackElo "1785"]
[PlyCount "84"]
[EventDate "2014.??.??"]

1. d4 Nf6 2. c4 e6 3. Nc3 b6 4. e3 Bb7 5. Nf3 Be7 6. Bd3 O-O 7. O-O d6 8. Re1
Nbd7 9. e4 e5 10. d5 Nc5 11. Bc2 a5 12. b3 Bc8 13. Nd2 Ne8 14. Ba3 f5 15. Bxc5
bxc5 16. exf5 Bxf5 17. Bxf5 Rxf5 18. Qg4 Rf6 19. Nce4 Rg6 20. Qf5 Bg5 21. Nxg5
Rxg5 22. Qe6+ Kh8 23. Ne4 Rg6 24. Qf5 Qe7 25. Re3 Nf6 26. Rae1 Rf8 27. Rh3 Kg8
28. Nxf6+ Rfxf6 29. Qh5 h6 30. Rf3 Qf7 31. Kf1 Rxf3 32. Qxf3 Qxf3 33. gxf3 Rf6
34. Kg2 Kf7 35. Re4 g5 36. h4 Rg6 37. hxg5 Rxg5+ 38. Rg4 Kg6 39. Kg3 h5 40.
Rxg5+ Kxg5 41. f4+ Kf5 42. f3 h4+ 0-1

[Event "Thüringenliga 2013/2014"]
[Site "?"]
[Date "2014.03.23"]
[Round "8"]
[White "Siegemund, Joachim"]
[Black "Watzke, Birger"]
[Result "1/2-1/2"]
[WhiteElo "2009"]
[BlackElo "2146"]
[PlyCount "30"]
[EventDate "2014.??.??"]

1. d4 d5 2. Nf3 Nf6 3. Bg5 e6 4. c4 dxc4 5. Qa4+ Nbd7 6. g3 Be7 7. Bg2 O-O 8.
Qxc4 h6 9. Bxf6 Nxf6 10. O-O c6 11. Nbd2 Qb6 12. Qc2 Rd8 13. Nc4 Qa6 14. Rfd1
Bd7 15. Nfe5 Be8 1/2-1/2

[Event "Thüringenliga 2013/2014"]
[Site "?"]
[Date "2014.03.23"]
[Round "8"]
[White "Frommelt, Hans-Jürgen"]
[Black "Kalisch, Michael"]
[Result "1/2-1/2"]
[WhiteElo "1951"]
[BlackElo "1982"]
[PlyCount "33"]
[EventDate "2014.??.??"]

1. e4 c6 2. d3 d5 3. Nd2 g6 4. Ngf3 Bg7 5. c3 e5 6. Be2 Ne7 7. O-O O-O 8. Re1
h6 9. d4 exd4 10. Nxd4 Nd7 11. exd5 Nxd5 12. N2f3 Nc5 13. Qc2 Qc7 14. Bc4 Nb6
15. Bf1 Nd5 16. Bc4 Nb6 17. Bf1 1/2-1/2

[Event "Thüringenliga 2013/2014"]
[Site "?"]
[Date "2014.03.23"]
[Round "8"]
[White "Streit, Jürgen"]
[Black "Kühn, Martin"]
[Result "1/2-1/2"]
[WhiteElo "1730"]
[BlackElo "1932"]
[PlyCount "24"]
[EventDate "2014.??.??"]

1. e4 e6 2. b3 d5 3. Nc3 Bc5 4. Bb2 Nf6 5. e5 Nfd7 6. Nf3 O-O 7. d4 Be7 8. Bd3
c5 9. dxc5 Nc6 10. Qe2 Ndxe5 11. O-O a6 12. Rfe1 b5 1/2-1/2

[Event "Thüringenliga 2013/2014"]
[Site "?"]
[Date "2014.03.23"]
[Round "8"]
[White "Heinzel, Olaf"]
[Black "Maiwald, Harald"]
[Result "1-0"]
[WhiteElo "2303"]
[BlackElo "2009"]
[PlyCount "99"]
[EventDate "2014.??.??"]
[WhiteTeam "Erfurter Schachklub"]
[BlackTeam "TSG Apolda"]

1. d4 Nf6 2. Bf4 g6 3. e3 Bg7 4. Be2 d6 5. h4 h6 6. Nd2 c5 7. c3 cxd4 8. exd4
Nc6 9. Ngf3 O-O 10. Nc4 b5 11. Ne3 b4 12. O-O bxc3 13. bxc3 Qa5 14. Nc4 Qf5 15.
Qc1 d5 16. Nb2 Ng4 17. Nd3 Ba6 18. Qd2 Rac8 19. Rfe1 Bc4 20. Bf1 Rfd8 21. Rad1
Kh7 22. Bg3 Nf6 23. Nfe5 Nxe5 24. Rxe5 Qd7 25. Nc5 Qe8 26. Bxc4 dxc4 27. Qe1
Nd5 28. Re2 Qc6 29. Be5 Bf6 30. h5 g5 31. Rb1 Kg7 32. g3 Bxe5 33. Rxe5 Rc7 34.
Rc1 Qf6 35. Qe2 e6 36. Qxc4 Rdc8 37. Qe2 Ne7 38. Re1 Nc6 39. Re3 Na5 40. Rf3
Qe7 41. Qe5+ Kg8 42. Qe2 Nb7 43. Ne4 Nd6 44. Nf6+ Kf8 45. Qc2 Ne8 46. Nd5 exd5
47. Rxe7 Kxe7 48. Qh7 Nd6 49. Qxh6 Ne4 50. Qg7 1-0

[Event "Thüringenliga 2013/2014"]
[Site "?"]
[Date "2014.03.23"]
[Round "8"]
[White "Troyke, Christian"]
[Black "Steiger, Jürgen"]
[Result "1-0"]
[WhiteElo "2296"]
[BlackElo "1974"]
[PlyCount "73"]
[EventDate "2014.??.??"]
[WhiteTeam "Erfurter Schachklub"]
[BlackTeam "TSG Apolda"]

1. g3 Nf6 2. Bg2 g6 3. d4 Bg7 4. e4 d6 5. Ne2 O-O 6. O-O e5 7. c4 c6 8. Nbc3
Qe7 9. h3 a5 10. Be3 Na6 11. Re1 Be6 12. b3 Rfd8 13. d5 Bd7 14. Qd2 c5 15. Bg5
Qf8 16. Rf1 h6 17. Be3 Kh7 18. Rae1 Qe7 19. Nc1 Rf8 20. a3 Ne8 21. Nd3 b6 22.
f4 f6 23. Re2 Nec7 24. a4 Rf7 25. Ne1 Raf8 26. Nf3 Ne8 27. Nh4 exf4 28. Bxf4
Nb4 29. g4 Qd8 30. Bg3 f5 31. exf5 gxf5 32. Nxf5 Bxf5 33. Rxf5 Rxf5 34. gxf5
Bd4+ 35. Kh2 Rg8 36. Re6 Bg1+ 37. Kxg1 1-0

[Event "Thüringenliga 2013/2014"]
[Site "?"]
[Date "2014.03.23"]
[Round "8"]
[White "Schmidt, Matthias"]
[Black "Steinacker, Alex"]
[Result "1/2-1/2"]
[WhiteElo "1957"]
[BlackElo "2105"]
[PlyCount "71"]
[EventDate "2014.??.??"]
[WhiteTeam "TSG Apolda"]
[BlackTeam "Erfurter Schachklub"]

1. e4 c5 2. b3 Nc6 3. Bb2 d6 4. f4 Nf6 5. Nc3 e6 6. Nf3 Be7 7. Bb5 Bd7 8. O-O
O-O 9. d3 a6 10. Bxc6 Bxc6 11. Qe2 Qc7 12. a4 b5 13. e5 Nd7 14. axb5 axb5 15.
Ne4 d5 16. Ned2 d4 17. Rxa8 Bxa8 18. b4 c4 19. dxc4 Bxb4 20. Bxd4 Bxf3 21. Nxf3
Qxc4 22. Qxc4 bxc4 23. Rb1 Rb8 24. c3 Ba5 25. Ra1 Bb6 26. Bxb6 Nxb6 27. Rb1 Kf8
28. Kf2 Ke7 29. Ke2 Kd7 30. Nd2 Kc7 31. Rb4 Ra8 32. g3 Ra2 33. Kd1 Ra1+ 34. Ke2
Ra2 35. Kd1 Ra1+ 36. Ke2 1/2-1/2